000 01196nam0a22003011 4500
001 rc\2365326
005 20250623053125.0
035 _a(NLR Aleph) 006597295
090 _a7210147
_c7210147
100 _a20110829d1976 |||y0rusy50 ca
101 0 _arus
102 _aRU
105 _ay c |||||
200 1 _aЛауреаты премии имени Ленинского Комсомола Киргизии (1967-1975)
_eРек. указ. лит.
_fМ-во культуры КиргССР. Государственная б-ка КиргССР им. Н.Г. Чернышевского. Отдел национальной библиографии
210 _aФрунзе
_cБ. и.
_d1976
215 _a39 с.
_d19
300 _aНа обороте тит. л. сост.: Л.Е. Алексеева, А.М. Братуа, С.С. Сухомлинова
700 1 _aАлексеева
_bЛ.Е.
701 1 _aБратуа
_bА.М.
701 1 _aСухомлинова
_bС.С.
801 0 _aRU
_bNLR
_gpsbo
801 1 _aRU
_bELAR
_2rusmarc
852 _aNLR
_jС581Кирг/Л-28
899 _aRuMoRGB
_jБ 78-51/527
899 _aRuMoRGB
_jКБ
942 _cBOOK
980 _aNB